[Event "Nakhchivan IM"]
[White "Makaraci, Tunahan"]
[Black "Mammadov, Sadig Teymur"]
[Site "Nakhchivan"]
[Round "1.1"]
[Result "1/2-1/2"]
[Date "2022.11.17"]
[WhiteElo "2275"]
[BlackElo "2321"]
[PlyCount "116"]
[EventDate "2022.11.17"]
[EventType "schev"]
[EventRounds "10"]
[EventCountry "AZE"]
[SourceTitle "CBM 211 Extra"]
[Source "ChessBase"]
[SourceDate "2023.01.31"]
[SourceVersion "1"]
[SourceVersionDate "2023.01.31"]
[SourceQuality "1"]
[WhiteTeam "Experts"]
[BlackTeam "Challengers"]
[WhiteTeamCountry "AZE"]
[BlackTeamCountry "IRI"]

1. e4 e6 2. d4 d5 3. Nd2 a6 4. Ngf3 c5 5. dxc5 Bxc5 6. Bd3 Nc6 7. Qe2 Nge7 8. 0-0 Bb6 9. c3 0-0 10. Nb3 dxe4 11. Bxe4 e5 12. Be3 Bc7 13. Bc5 f6 14. Rad1 Qe8 15. Bd6 Bxd6 16. Rxd6 Kh8 17. Re1 Bf5 18. Nc5 b6 19. Bxc6 Nxc6 20. Ne4 b5 21. Nh4 Ne7 22. Red1 Qc8 23. Nxf5 Qxf5 24. Ng3 Qg6 25. Qe4 Rfe8 26. Qb7 h5 27. Rd7 h4 28. Rxe7 hxg3 29. Rxe8+ Rxe8 30. hxg3 e4 31. Rd4 f5 32. Qc7 e3 33. fxe3 Rxe3 34. Qc8+ Re8 35. Qd7 Re4 36. Kf2 Kh7 37. Qd5 Qg4 38. Rxe4 fxe4 39. Qe5 Kg6 40. Ke3 Qd7 41. Qxe4+ Kf7 42. g4 Qa7+ 43. Qd4 Qe7+ 44. Kf3 Qe1 45. Qd7+ Kg8 46. Qd5+ Kf8 47. Qc5+ Kg8 48. Qc8+ Kf7 49. g5 Qf1+ 50. Ke3 Qg1+ 51. Kd3 Qd1+ 52. Ke4 Qe2+ 53. Kd4 Qf2+ 54. Ke5 Qg3+ 55. Kd4 Qf2+ 56. Kd3 Qg3+ 57. Kd4 Qf2+ 58. Kd3 Qg3+ 1/2-1/2

[Event "TUR-chT 2nd League"]
[White "Zeynalli, Rashad Hamza"]
[Black "Mammadov, Sadig Teymur"]
[Site "Konya"]
[Round "7.10"]
[Result "1-0"]
[Date "2022.08.26"]
[WhiteElo "2187"]
[BlackElo "2352"]
[PlyCount "127"]
[EventDate "2022.08.22"]
[EventType "team-swiss"]
[EventRounds "9"]
[EventCountry "TUR"]
[SourceTitle "CBM 210 Extra"]
[Source "ChessBase"]
[SourceDate "2022.11.30"]
[SourceVersion "1"]
[SourceVersionDate "2022.11.30"]
[SourceQuality "1"]
[WhiteTeam "Karaman Yunus Emre"]
[BlackTeam "Sakarya Satranc"]
[WhiteTeamCountry "TUR"]
[BlackTeamCountry "TUR"]

1. e4 e6 2. d4 d5 3. Nc3 Bb4 4. e5 c5 5. a3 Bxc3+ 6. bxc3 Ne7 7. Qg4 g6 8. h4 Qa5 9. Bd2 Qa4 10. Ra2 Nbc6 11. Nf3 Bd7 12. Qf4 h6 13. dxc5 Qa5 14. Nd4 a6 15. Nxc6 Bxc6 16. Qf6 Kd7 17. c4 Qa4 18. cxd5 Qe4+ 19. Be3 Bxd5 20. Rb2 Rhe8 21. c4 Bc6 22. Qxf7 Rad8 23. Qf4 Nf5 24. Qxe4 Bxe4 25. Rh3 Kc8 26. g4 Nd4 27. Bxd4 Rxd4 28. Rd2 Red8 29. Rxd4 Rxd4 30. Rc3 Bc6 31. f3 Kc7 32. Be2 Ba4 33. Re3 Bc2 34. Rc3 Ba4 35. Rc1 Kc6 36. Rb1 Kxc5 37. Rxb7 Rd7 38. Rb8 Kd4 39. Rb4 Bc6 40. Rb6 Rc7 41. Rxa6 Kxe5 42. Kf2 Kd4 43. Rb6 e5 44. Rb8 e4 45. Rd8+ Ke5 46. fxe4 Bxe4 47. Ke3 Bc6 48. Rg8 Ra7 49. Rxg6 Rxa3+ 50. Kf2 Be4 51. Rxh6 Rh3 52. Rh8 Rh2+ 53. Ke3 Rh3+ 54. Kd2 Rh2 55. g5 Bf3 56. Re8+ Kd4 57. Re3 Bh5 58. Re7 Rg2 59. Ke1 Bxe2 60. Rxe2 Rg1+ 61. Kf2 Rg4 62. Kf3 Rxh4 63. g6 Rh6 64. Re4+ 1-0

[Event "TUR-chT 2nd League"]
[White "Rasulov, Vugar Ural Oglu"]
[Black "Mammadov, Sadig Teymur"]
[Site "Konya"]
[Round "5.3"]
[Result "1-0"]
[Date "2022.08.25"]
[WhiteElo "2480"]
[BlackElo "2352"]
[PlyCount "101"]
[EventDate "2022.08.22"]
[EventType "team-swiss"]
[EventRounds "9"]
[EventCountry "TUR"]
[SourceTitle "CBM 210 Extra"]
[Source "ChessBase"]
[SourceDate "2022.11.30"]
[SourceVersion "1"]
[SourceVersionDate "2022.11.30"]
[SourceQuality "1"]
[WhiteTeam "Bursa Deneyim"]
[BlackTeam "Sakarya Satranc"]
[WhiteTeamCountry "TUR"]
[BlackTeamCountry "TUR"]

1. d4 Nf6 2. Nf3 g6 3. g3 Bg7 4. Bg2 d6 5. 0-0 0-0 6. Re1 Nbd7 7. e4 e5 8. Nc3 c6 9. a4 a5 10. h3 Qc7 11. b3 exd4 12. Nxd4 Re8 13. Ba3 Nc5 14. Qd2 Bd7 15. Rad1 Rad8 16. g4 Qb6 17. Bb2 Qb4 18. Qc1 Qb6 19. Ba1 Re7 20. Qf4 Bc8 21. Nf3 Ne6 22. Qg3 Red7 23. Nd2 d5 24. exd5 cxd5 25. Nf3 Rc7 26. Nb5 Rxc2 27. Nfd4 Rc6 28. Nxc6 bxc6 29. Nd4 c5 30. Nxe6 Bxe6 31. Be5 Ne8 32. f4 d4 33. Bxg7 Nxg7 34. Rd3 Rb8 35. Kh2 Bxb3 36. f5 Bxa4 37. Ra3 Bb3 38. Rxa5 Rd8 39. Rea1 d3 40. Ra6 Qb4 41. Ra8 Re8 42. Qxd3 Bc4 43. Qg3 Bb5 44. f6 Rxa8 45. Rxa8+ Ne8 46. Qe5 h5 47. gxh5 Kh7 48. hxg6+ Kxg6 49. Be4+ Kh6 50. Qf4+ Kh5 51. Qg4+ 1-0

[Event "Nakhchivan Sunday GM 06"]
[White "Hasanzade, Toghrul Qasim Oglu"]
[Black "Mammadov, Sadig Teymur"]
[Site "Nakhchivan"]
[Round "7"]
[Result "1/2-1/2"]
[Date "2022.06.15"]
[WhiteElo "2306"]
[BlackElo "2313"]
[PlyCount "55"]
[EventDate "2022.06.12"]
[EventType "schev"]
[EventRounds "10"]
[EventCountry "AZE"]
[SourceTitle "CBM 209 Extra"]
[Source "ChessBase"]
[SourceDate "2022.09.30"]
[SourceVersion "1"]
[SourceVersionDate "2022.09.30"]
[SourceQuality "1"]
[WhiteTeam "Team A"]
[BlackTeam "Team B"]
[WhiteTeamCountry "AZE"]
[BlackTeamCountry "AZE"]

1. e4 e6 2. d4 d5 3. Nd2 Nf6 4. e5 Nfd7 5. Bd3 c5 6. c3 Nc6 7. Ne2 cxd4 8. cxd4 f6 9. exf6 Nxf6 10. 0-0 Qc7 11. Nf3 Bd6 12. h3 0-0 13. Bd2 Bd7 14. Rc1 Rae8 15. Nc3 a6 16. Re1 Qb8 17. Na4 e5 18. dxe5 Nxe5 19. Nxe5 Bxe5 20. Nc5 Bc8 21. Qb3 Kh8 22. Qa4 Bxb2 23. Rb1 Rxe1+ 24. Bxe1 Be5 25. Nxa6 Qa7 26. Qb4 Re8 27. Qc5 Qxc5 28. Nxc5 1/2-1/2

[Event "Nakhchivan Sunday GM 05"]
[White "Mammadov, Sadig Teymur"]
[Black "Talibov, Shiroghlan"]
[Site "Nakhchivan"]
[Round "7"]
[Result "1/2-1/2"]
[Date "2022.05.19"]
[WhiteElo "2265"]
[BlackElo "2328"]
[PlyCount "66"]
[EventDate "2022.05.15"]
[EventType "team-schev"]
[EventRounds "9"]
[EventCountry "AZE"]
[SourceTitle "CBM 208 Extra"]
[Source "ChessBase"]
[SourceDate "2022.07.31"]
[SourceVersion "1"]
[SourceVersionDate "2022.07.31"]
[SourceQuality "1"]
[WhiteTeam "Team B"]
[BlackTeam "Team C"]
[WhiteTeamCountry "AZE"]
[BlackTeamCountry "AZE"]

1. d4 c5 2. c3 e6 3. Nf3 Nf6 4. Nbd2 d5 5. e3 Nc6 6. Bd3 Bd6 7. dxc5 Bxc5 8. b4 Be7 9. 0-0 0-0 10. Bb2 Qc7 11. Rc1 Rd8 12. Qe2 e5 13. e4 dxe4 14. Nxe4 Nd5 15. Bc4 Be6 16. g3 f6 17. Rfd1 a6 18. Bb3 Kh8 19. h4 h6 20. h5 f5 21. Nc5 Bf7 22. Bxd5 Bxd5 23. c4 Bxf3 24. Qxf3 Bxc5 25. bxc5 Rxd1+ 26. Rxd1 Qf7 27. Rd5 Rd8 28. Bc3 Kg8 29. Kg2 Qe6 30. Qe3 Qe7 31. Qe2 Rd7 32. Qd1 Nd4 33. Bxd4 Rxd5 1/2-1/2

[Event "Nakhchivan Sunday GM 05"]
[White "Mammadov, Sadig Teymur"]
[Black "Mirzoev, Azer"]
[Site "Nakhchivan"]
[Round "5"]
[Result "1-0"]
[Date "2022.05.17"]
[WhiteElo "2265"]
[BlackElo "2476"]
[PlyCount "86"]
[EventDate "2022.05.15"]
[EventType "team-schev"]
[EventRounds "9"]
[EventCountry "AZE"]
[SourceTitle "CBM 208 Extra"]
[Source "ChessBase"]
[SourceDate "2022.07.31"]
[SourceVersion "1"]
[SourceVersionDate "2022.07.31"]
[SourceQuality "1"]
[WhiteTeam "Team B"]
[BlackTeam "Team A"]
[WhiteTeamCountry "AZE"]
[BlackTeamCountry "AZE"]

1. d4 d5 2. c4 e6 3. Nc3 a6 4. cxd5 exd5 5. Nf3 c6 6. Bf4 Bf5 7. e3 Nd7 8. Bd3 Bg6 9. 0-0 Ngf6 10. h3 Be7 11. Rc1 0-0 12. Bxg6 hxg6 13. Ne5 Nxe5 14. dxe5 Ne8 15. Qb3 b5 16. Rfd1 Qb6 17. Ne2 Nc7 18. e4 dxe4 19. Be3 c5 20. Rd7 Bd8 21. Bxc5 Qe6 22. Rxc7 Qxb3 23. axb3 Bxc7 24. Bxf8 Bxe5 25. Bc5 Bxb2 26. Rc2 Be5 27. Bd4 Bxd4 28. Nxd4 Rd8 29. Nc6 Rd1+ 30. Kh2 f5 31. Kg3 Rd3+ 32. Kf4 Rxb3 33. Ne5 Kf8 34. Ra2 b4 35. Rxa6 Rb2 36. Nxg6+ Ke8 37. Kxf5 Rxf2+ 38. Nf4 b3 39. Re6+ Kd7 40. Rxe4 Kc6 41. Rb4 b2 42. h4 Kc5 43. Rxb2 Rxb2 1-0

[Event "Nakhchivan Sunday GM 05"]
[White "Rasulov, Vugar Ural Oglu"]
[Black "Mammadov, Sadig Teymur"]
[Site "Nakhchivan"]
[Round "2"]
[Result "1-0"]
[Date "2022.05.16"]
[WhiteElo "2445"]
[BlackElo "2265"]
[PlyCount "93"]
[EventDate "2022.05.15"]
[EventType "team-schev"]
[EventRounds "9"]
[EventCountry "AZE"]
[SourceTitle "CBM 208 Extra"]
[Source "ChessBase"]
[SourceDate "2022.07.31"]
[SourceVersion "1"]
[SourceVersionDate "2022.07.31"]
[SourceQuality "1"]
[WhiteTeam "Team A"]
[BlackTeam "Team B"]
[WhiteTeamCountry "AZE"]
[BlackTeamCountry "AZE"]

1. d4 d5 2. Nf3 Nf6 3. c4 c6 4. Qb3 e6 5. Nc3 dxc4 6. Qxc4 b5 7. Qd3 Be7 8. g3 Nbd7 9. Bg2 Bb7 10. 0-0 0-0 11. Bg5 a6 12. Ne5 Rc8 13. Rfd1 h6 14. Bxf6 gxf6 15. Ng6 Re8 16. Nf4 f5 17. e4 fxe4 18. Nxe4 Nf6 19. Nxf6+ Bxf6 20. Nh5 Bg7 21. h4 Qe7 22. Rac1 Red8 23. Qe3 Rd7 24. Bf3 Qd8 25. b4 Qf8 26. a3 Rcd8 27. Kg2 Rxd4 28. Rxd4 Bxd4 29. Qf4 Rd5 30. Nf6+ Bxf6 31. Qxf6 Rd2 32. Qf4 Qd6 33. Qxh6 Qd4 34. Qg5+ Kf8 35. Qc5+ Kg7 36. Qxd4+ Rxd4 37. Rc3 a5 38. bxa5 Ra4 39. g4 e5 40. Kg3 e4 41. Bg2 Rxa5 42. Bxe4 Ra4 43. f3 Ra8 44. g5 Rh8 45. f4 Re8 46. Bf3 f6 47. h5 1-0

[Event "Nakhchivan op"]
[White "Mammadov, Sadig Teymur"]
[Black "Shahaliyev, Ismayil Bahram"]
[Site "Nakhchivan"]
[Round "6"]
[Result "0-1"]
[Date "2022.05.12"]
[WhiteElo "2265"]
[BlackElo "2386"]
[PlyCount "63"]
[EventDate "2022.05.08"]
[EventType "swiss"]
[EventRounds "9"]
[EventCountry "AZE"]
[SourceTitle "EXT 2023"]
[Source "ChessBase"]
[SourceDate "2022.10.05"]
[SourceVersion "1"]
[SourceVersionDate "2022.10.05"]
[SourceQuality "1"]

1. d4 Nf6 2. c4 e6 3. Nc3 Bb4 4. e3 0-0 5. Bd3 d5 6. a3 Bxc3+ 7. bxc3 dxc4 8. Bxc4 c5 9. Ne2 Qc7 10. Bd3 Nc6 11. Bb2 e5 12. 0-0 Be6 13. f4 e4 14. Bc2 Bc4 15. Re1 Nd5 16. Ng3 f5 17. Nxf5 Rxf5 18. Bxe4 Rf7 19. Qc2 Nf6 20. Bf3 Re8 21. g3 Rfe7 22. e4 Bd5 23. dxc5 Bxe4 24. Bxe4 Rxe4 25. Rxe4 Rxe4 26. c4 Nd4 27. Bxd4 Rxd4 28. Qf5 Qe7 29. Rb1 Rxc4 30. Qc8+ Ne8 31. Qxb7 Rc1+ 32. Rxc1 0-1

[Event "Nakhchivan Sunday IM 04 2nd"]
[White "Mahdavi, Reza"]
[Black "Mammadov, Sadig Teymur"]
[Site "Nakhchivan"]
[Round "9"]
[Result "1/2-1/2"]
[Date "2022.04.16"]
[WhiteElo "2320"]
[BlackElo "2233"]
[PlyCount "146"]
[EventDate "2022.04.10"]
[EventType "tourn"]
[EventRounds "9"]
[EventCountry "AZE"]
[EventCategory "1"]
[SourceTitle "CBM 207 Extra"]
[Source "ChessBase"]
[SourceDate "2022.05.31"]
[SourceVersion "1"]
[SourceVersionDate "2022.05.31"]
[SourceQuality "1"]

1. e4 e6 2. d4 d5 3. Nc3 Bb4 4. exd5 exd5 5. Bd3 Nc6 6. Nf3 Bg4 7. 0-0 Nge7 8. h3 Bh5 9. a3 Ba5 10. g4 Bg6 11. Ne2 h5 12. b4 hxg4 13. hxg4 Be4 14. Bxe4 dxe4 15. Ng5 Bb6 16. Nxe4 f5 17. N4g3 Nxd4 18. Nxd4 Bxd4 19. Rb1 Qd5 20. Be3 Bxe3 21. Qxd5 Nxd5 22. fxe3 fxg4 23. Rbd1 0-0-0 24. Nf5 Rhe8 25. Nxg7 Rxe3 26. c4 Ne7 27. Rxd8+ Kxd8 28. Rf4 g3 29. a4 b6 30. a5 bxa5 31. bxa5 Kd7 32. Kg2 Ra3 33. Rd4+ Kc6 34. Ne6 Ra2+ 35. Kh3 Rxa5 36. Nd8+ Kb6 37. Rd3 Rg5 38. Rb3+ Ka5 39. Kg2 Ka4 40. Rb7 Ng6 41. Rxa7+ Kb3 42. Ra1 Nf4+ 43. Kf3 g2 44. Rg1 Ng6 45. Ne6 Nh4+ 46. Ke4 Rg4+ 47. Ke3 Rg3+ 48. Kf2 Rf3+ 49. Ke2 Rf7 50. Ng5 Rg7 51. Nh3 Kxc4 52. Rc1+ Kd4 53. Kf2 c5 54. Nf4 Rf7 55. Kg3 c4 56. Rd1+ Ke4 57. Re1+ Kf5 58. Nh3 Rh7 59. Rc1 Ke5 60. Rxc4 Nf5+ 61. Kh2 Ne3 62. Rc1 Rg7 63. Rc5+ Kf6 64. Rc3 Nf5 65. Rc2 Nh4 66. Rf2+ Ke5 67. Ng1 Ke4 68. Kh3 Nf5 69. Ra2 Rg8 70. Ra4+ Kd3 71. Kh2 Ne3 72. Ra3+ Ke4 73. Ra4+ Kd5 1/2-1/2

[Event "AZE-ch Prelim 76th"]
[White "Mammadov, Sadig Teymur"]
[Black "Shahaliyev, Ismayil Bahram"]
[Site "Nakhchivan"]
[Round "8"]
[Result "0-1"]
[Date "2022.02.12"]
[WhiteElo "2177"]
[BlackElo "2380"]
[PlyCount "100"]
[EventDate "2022.02.05"]
[EventType "swiss"]
[EventRounds "9"]
[EventCountry "AZE"]
[SourceTitle "CBM 206 Extra"]
[Source "ChessBase"]
[SourceDate "2022.03.31"]
[SourceVersion "1"]
[SourceVersionDate "2022.03.31"]
[SourceQuality "1"]

1. d4 Nf6 2. c4 e6 3. Nc3 Bb4 4. e3 d5 5. a3 Bxc3+ 6. bxc3 0-0 7. cxd5 exd5 8. Bd3 c5 9. Ne2 b6 10. 0-0 Ba6 11. f3 Re8 12. Ng3 Bxd3 13. Qxd3 Nc6 14. Bb2 c4 15. Qd2 h5 16. Rae1 h4 17. Nf5 Ne7 18. g4 hxg3 19. Nxg3 Qd7 20. e4 Qh3 21. Qg5 Nh7 22. Qh5 Qxh5 23. Nxh5 f5 24. Bc1 Kf7 25. Ng3 g6 26. Re2 Rad8 27. h4 Rd6 28. Bf4 Re6 29. Be5 Nf6 30. Rg2 Nd7 31. Bf4 Rh8 32. Bg5 Nf6 33. a4 dxe4 34. Bxf6 Rxf6 35. fxe4 Rxh4 36. d5 fxe4 37. d6 Rxf1+ 38. Nxf1 Nf5 39. d7 Ke7 40. Nd2 Kxd7 41. Nxc4 e3 42. Ne5+ Ke6 43. Ng4 Kd5 44. Kf1 Ke4 45. Ke2 Kf4 46. Nxe3 Nxe3 47. Rxg6 Nd5 48. a5 Ke5 49. Rc6 b5 50. a6 Rc4 0-1

[Event "AZE-ch Prelim 76th"]
[White "Mammadov, Sadig Teymur"]
[Black "Ibrahimli, Murad Sultanali"]
[Site "Nakhchivan"]
[Round "3"]
[Result "0-1"]
[Date "2022.02.07"]
[WhiteElo "2177"]
[BlackElo "2418"]
[PlyCount "84"]
[EventDate "2022.02.05"]
[EventType "swiss"]
[EventRounds "9"]
[EventCountry "AZE"]
[SourceTitle "CBM 206 Extra"]
[Source "ChessBase"]
[SourceDate "2022.03.31"]
[SourceVersion "1"]
[SourceVersionDate "2022.03.31"]
[SourceQuality "1"]

1. d4 Nf6 2. c4 g6 3. g3 Bg7 4. Bg2 d5 5. cxd5 Nxd5 6. e4 Nb6 7. Ne2 0-0 8. 0-0 Nc6 9. d5 Na5 10. Nbc3 c6 11. b3 Bg4 12. Bd2 cxd5 13. exd5 e6 14. dxe6 Bxe6 15. Ne4 Nc6 16. Bg5 f6 17. Be3 Bg4 18. f3 Bf5 19. Nd6 Qd7 20. Nf4 Kh8 21. Rf2 Rfd8 22. Rd2 Bf8 23. Ne4 Qe8 24. Bxb6 axb6 25. Nd5 Bxe4 26. fxe4 Qe5 27. Qf1 Bb4 28. Rd3 Bc5+ 29. Kh1 Bd4 30. Rad1 Rxa2 31. Ne3 Bxe3 32. Rxd8+ Nxd8 33. Rxd8+ Kg7 34. Rd7+ Kh6 35. Qf3 Bd4 36. h4 Rf2 37. Qg4 Qc5 38. Qd1 Be5 39. Rd5 Qc3 40. Rd3 Qb2 41. Qg1 Rxg2 42. Qxg2 Qb1+ 0-1

[Event "Kirsehir Ahilik op"]
[White "Korkmaz, Necmettin"]
[Black "Mammadov, Sadig Teymur"]
[Site "Kirsehir"]
[Round "8"]
[Result "0-1"]
[Date "2021.09.17"]
[WhiteElo "2107"]
[BlackElo "2188"]
[PlyCount "64"]
[EventDate "2021.09.13"]
[EventType "swiss"]
[EventRounds "9"]
[EventCountry "TUR"]
[SourceTitle "CBM 204 Extra"]
[Source "ChessBase"]
[SourceDate "2021.11.30"]
[SourceVersion "1"]
[SourceVersionDate "2021.11.30"]
[SourceQuality "1"]

1. e4 e6 2. d4 d5 3. e5 c5 4. c3 Nc6 5. Nf3 Qb6 6. a3 Bd7 7. b4 cxd4 8. cxd4 Rc8 9. Be3 Nh6 10. Bd3 Be7 11. 0-0 Ng4 12. Qe1 f6 13. h3 Nxe3 14. fxe3 fxe5 15. Nxe5 Nxe5 16. dxe5 Bg5 17. Rf3 Rf8 18. Rg3 Bh4 19. Bxh7 Bb5 20. Bg6+ Kd8 21. Nd2 Rc3 22. Rf3 Bxe1 23. Rxf8+ Kc7 24. Rf7+ Kc6 25. Rxe1 Rxe3 26. Rxe3 Qxe3+ 27. Rf2 Kb6 28. Nf3 d4 29. h4 Be2 30. Ng5 d3 31. Nxe6 d2 32. Bc2 Bd3 0-1

[Event "Kirsehir Ahilik op"]
[White "Mammadov, Sadig Teymur"]
[Black "Zeynalov, Rashad"]
[Site "Kirsehir"]
[Round "7"]
[Result "0-1"]
[Date "2021.09.17"]
[WhiteElo "2188"]
[BlackElo "2257"]
[PlyCount "62"]
[EventDate "2021.09.13"]
[EventType "swiss"]
[EventRounds "9"]
[EventCountry "TUR"]
[SourceTitle "CBM 204 Extra"]
[Source "ChessBase"]
[SourceDate "2021.11.30"]
[SourceVersion "1"]
[SourceVersionDate "2021.11.30"]
[SourceQuality "1"]

1. d4 d5 2. c4 Nc6 3. Nc3 dxc4 4. d5 Ne5 5. f4 Ng4 6. h3 N4f6 7. e4 e6 8. Be3 exd5 9. e5 d4 10. Bxc4 dxe3 11. Bxf7+ Ke7 12. exf6+ Nxf6 13. Qxd8+ Kxd8 14. 0-0-0+ Bd6 15. Nge2 Ke7 16. Bb3 Re8 17. Bc2 Bd7 18. g4 Kf7 19. Rhg1 g6 20. Rdf1 Kg7 21. f5 g5 22. Bb3 Be5 23. Rd1 Rad8 24. Rd3 Bc8 25. Kc2 Rxd3 26. Kxd3 h5 27. Nd1 hxg4 28. Nxe3 gxh3 29. Rxg5+ Kh7 30. Ng3 Bf4 31. Nd5 Bxg5 0-1

[Event "Nakhchivan Premium"]
[White "Mammadov, Sadig Teymur"]
[Black "Sevdimaliyev, Urfan"]
[Site "Nakhchivan"]
[Round "11"]
[Result "0-1"]
[Date "2021.04.01"]
[WhiteElo "2237"]
[BlackElo "2369"]
[PlyCount "52"]
[EventDate "2021.03.22"]
[EventType "tourn"]
[EventRounds "11"]
[EventCountry "AZE"]
[SourceTitle "CBM 202 Extra"]
[Source "ChessBase"]
[SourceDate "2021.07.31"]
[SourceVersion "1"]
[SourceVersionDate "2021.07.31"]
[SourceQuality "1"]

1. d4 Nf6 2. c4 g6 3. g3 c6 4. Bg2 d5 5. Nf3 Bg7 6. 0-0 0-0 7. Qb3 dxc4 8. Qxc4 Bf5 9. a4 a5 10. Nc3 Na6 11. Ng5 h6 12. e4 Bc8 13. Nh3 Be6 14. d5 cxd5 15. exd5 Rc8 16. Qh4 g5 17. Bxg5 hxg5 18. Qxg5 Bxh3 19. Bxh3 Rc4 20. Bg2 Qd7 21. d6 Rc5 22. Qf4 Qxd6 23. Qxd6 exd6 24. Bxb7 Nb4 25. Rad1 d5 26. Rfe1 Rb8 0-1

[Event "Nakhchivan Premium"]
[White "Garayev, Sadig"]
[Black "Mammadov, Sadig Teymur"]
[Site "Nakhchivan"]
[Round "2"]
[Result "1/2-1/2"]
[Date "2021.03.23"]
[WhiteElo "1781"]
[BlackElo "2237"]
[PlyCount "45"]
[EventDate "2021.03.22"]
[EventType "tourn"]
[EventRounds "11"]
[EventCountry "AZE"]
[SourceTitle "CBM 202 Extra"]
[Source "ChessBase"]
[SourceDate "2021.07.31"]
[SourceVersion "1"]
[SourceVersionDate "2021.07.31"]
[SourceQuality "1"]

1. e4 e6 2. d4 d5 3. Nd2 a6 4. Ngf3 c5 5. exd5 exd5 6. Be2 Nc6 7. 0-0 cxd4 8. Re1 Be7 9. Nb3 Nf6 10. Nfxd4 0-0 11. c4 Bb4 12. Nxc6 bxc6 13. Bd2 Bxd2 14. Qxd2 dxc4 15. Qxd8 Rxd8 16. Na5 Be6 17. Bxc4 Bd5 18. Rad1 Kf8 19. f3 Rd7 20. Bxd5 cxd5 21. g4 h6 22. Rd4 Rc8 23. Re2 1/2-1/2

[Event "Wch FIDE Online U18 Europe qual"]
[White "Mammadov, Sadig Teymur"]
[Black "Quispe Arteaga, Gabriel"]
[Site "Tornelo INT"]
[Round "7"]
[Result "1-0"]
[Date "2020.12.09"]
[WhiteElo "2224"]
[BlackElo "2169"]
[PlyCount "87"]
[EventDate "2020.12.07"]
[EventType "swiss (rapid)"]
[EventRounds "7"]
[EventCountry "ISS"]
[SourceTitle "EXT 2022"]
[Source "ChessBase"]
[SourceDate "2021.10.06"]
[SourceVersion "1"]
[SourceVersionDate "2021.10.06"]
[SourceQuality "1"]

1. d4 Nf6 2. c4 e6 3. Nc3 Bb4 4. e3 0-0 5. Bd3 b6 6. Nge2 Bb7 7. f3 d5 8. 0-0 c5 9. a3 Bxc3 10. bxc3 dxc4 11. Bxc4 Nc6 12. Bb2 e5 13. e4 Ne8 14. Bd5 Nc7 15. Bxc6 Bxc6 16. d5 Bb5 17. Rf2 Ne8 18. c4 Bxc4 19. Bxe5 f6 20. Bc3 Bxe2 21. Qxe2 Nd6 22. f4 f5 23. e5 Ne4 24. Qc4 b5 25. Qd3 Nxf2 26. Kxf2 b4 27. axb4 cxb4 28. Bd2 a5 29. d6 Qb6+ 30. Be3 Qc6 31. Rc1 Qa4 32. Qc4+ Kh8 33. e6 h5 34. e7 Rf6 35. Qc6 Qa2+ 36. Rc2 Qg8 37. Qxa8 Qxa8 38. d7 Kh7 39. e8Q Qd5 40. d8Q Qb3 41. Qxh5+ Rh6 42. Qxf5+ Rg6 43. Qdd3 Qxc2+ 44. Qxc2 1-0

[Event "Wch FIDE Online U18 Europe qual"]
[White "Ludvik, Tomas"]
[Black "Mammadov, Sadig Teymur"]
[Site "Tornelo INT"]
[Round "4"]
[Result "1-0"]
[Date "2020.12.08"]
[WhiteElo "2019"]
[BlackElo "2224"]
[PlyCount "81"]
[EventDate "2020.12.07"]
[EventType "swiss (rapid)"]
[EventRounds "7"]
[EventCountry "ISS"]
[SourceTitle "EXT 2022"]
[Source "ChessBase"]
[SourceDate "2021.10.06"]
[SourceVersion "1"]
[SourceVersionDate "2021.10.06"]
[SourceQuality "1"]

1. d4 Nf6 2. c4 g6 3. Nc3 Bg7 4. e4 d6 5. Nf3 0-0 6. Be2 e5 7. 0-0 Nc6 8. d5 Ne7 9. b4 Ne8 10. c5 f5 11. Nd2 Rf7 12. f3 f4 13. Nc4 g5 14. Ba3 Ng6 15. b5 Bf8 16. b6 axb6 17. cxb6 Bd7 18. bxc7 Qxc7 19. Qb3 Nf6 20. Rab1 b5 21. Nxb5 Bxb5 22. Qxb5 Rxa3 23. Nxa3 Qa7+ 24. Kh1 Qxa3 25. Qb3 Qa5 26. a4 g4 27. Qb4 Ra7 28. Qxa5 Rxa5 29. Bb5 h5 30. Rfc1 h4 31. h3 gxf3 32. gxf3 Ne7 33. Rc7 Nh5 34. Rd7 Ng3+ 35. Kg2 Nc8 36. Rb7 Na7 37. Bd7 Kg7 38. Be6+ Kg6 39. Rf7 Bh6 40. Rbb7 Rc5 41. Rfc7 1-0

[Event "EU-ch Online U18"]
[White "Nesterov, Arseniy"]
[Black "Mammadov, Sadig Teymur"]
[Site "Tornelo INT"]
[Round "7"]
[Result "1-0"]
[Date "2020.09.20"]
[WhiteElo "2517"]
[BlackElo "2237"]
[PlyCount "115"]
[EventDate "2020.09.18"]
[EventType "swiss (rapid)"]
[EventRounds "9"]
[EventCountry "ENG"]
[SourceTitle "CBM 198 Extra"]
[Source "ChessBase"]
[SourceDate "2020.11.30"]
[SourceVersion "1"]
[SourceVersionDate "2020.11.30"]
[SourceQuality "1"]

1. d4 Nf6 2. c4 g6 3. Nc3 Bg7 4. e4 d6 5. Be2 0-0 6. Be3 e5 7. d5 Na6 8. g4 Nc5 9. f3 a5 10. h4 h5 11. g5 Ne8 12. Qd2 Bd7 13. 0-0-0 a4 14. Nh3 Qc8 15. Nf2 c6 16. Kb1 Qc7 17. dxc6 Bxc6 18. Nd3 b6 19. Nb4 Ra5 20. Ncd5 Bxd5 21. cxd5 Qb7 22. Nc6 Ra8 23. Qb4 Kh8 24. Rc1 Ra7 25. Nxa7 Qxa7 26. Bb5 Nc7 27. Bxc5 bxc5 28. Qxa4 Qb6 29. Bc4 Rb8 30. Rh2 Ne8 31. Rc3 Qd8 32. Rb3 Ra8 33. Qb5 f6 34. Qb6 Qd7 35. Bb5 Qe7 36. Bc6 Rd8 37. Rg2 fxg5 38. hxg5 Nc7 39. Ra3 Qf7 40. Rf2 Qe7 41. Rf1 Rf8 42. Ra7 Rf7 43. a4 Kh7 44. a5 c4 45. a6 c3 46. bxc3 Qxg5 47. Rxc7 Qg2 48. Rg1 Qxf3 49. Rxf7 Qxf7 50. a7 Qf3 51. a8Q Qxe4+ 52. Ka1 Qd3 53. Qb2 e4 54. Qe8 e3 55. Qxg6+ Qxg6 56. Rxg6 Kxg6 57. Qg2+ Kh6 58. Kb2 1-0

[Event "EU-ch Online U18"]
[White "Mammadov, Sadig Teymur"]
[Black "Leisch, Lukas"]
[Site "Tornelo INT"]
[Round "5"]
[Result "1-0"]
[Date "2020.09.19"]
[WhiteElo "2237"]
[BlackElo "2394"]
[PlyCount "127"]
[EventDate "2020.09.18"]
[EventType "swiss (rapid)"]
[EventRounds "9"]
[EventCountry "ENG"]
[SourceTitle "CBM 198 Extra"]
[Source "ChessBase"]
[SourceDate "2020.11.30"]
[SourceVersion "1"]
[SourceVersionDate "2020.11.30"]
[SourceQuality "1"]

1. d4 Nf6 2. c4 g6 3. Nc3 Bg7 4. g3 0-0 5. Bg2 d6 6. Nf3 Nbd7 7. 0-0 e5 8. e4 exd4 9. Nxd4 Re8 10. h3 a6 11. Re1 Rb8 12. a4 Nc5 13. Ra2 Bd7 14. b4 Ne6 15. Be3 c5 16. Nxe6 Bxe6 17. bxc5 dxc5 18. Nd5 b5 19. axb5 axb5 20. cxb5 Rxb5 21. Rc2 c4 22. Bg5 Bxd5 23. exd5 Rxe1+ 24. Qxe1 Qc8 25. Qc1 Rb4 26. d6 Qe6 27. Qd2 Rb6 28. Bf4 h6 29. Qe2 Qxe2 30. Rxe2 g5 31. Re8+ Kh7 32. Be5 Rb1+ 33. Kh2 Kg6 34. d7 Nxd7 35. Be4+ f5 36. Bxb1 Nxe5 37. Re6+ Bf6 38. g4 Kf7 39. Bxf5 c3 40. Rb6 Nf3+ 41. Kg2 Nd4 42. Rb7+ Kf8 43. Bd3 Be5 44. Ra7 Nc6 45. Ra4 Ke7 46. Rc4 Kd6 47. Be4 Na5 48. Ra4 Nb3 49. Ra6+ Kc5 50. Rxh6 Kd4 51. Bf5 Nc5 52. Rc6 Kd5 53. Rc8 Nb3 54. Kf1 Nd4 55. Bd3 Ne6 56. Bc4+ Kd6 57. Bxe6 Kxe6 58. Ke2 Kd7 59. Rc4 Kd6 60. Kd3 Kd5 61. Rc8 Bf6 62. Rf8 Be7 63. Rf7 Bd6 64. Rf5+ 1-0